| 000 | 00473nam a2200181Ia 4500 | ||
|---|---|---|---|
| 999 |
_c41403 _d41403 |
||
| 001 | 8065 | ||
| 003 | GE_BSU | ||
| 005 | 20200117152706.0 | ||
| 008 | 181216s2012||||tu |||||||||||||| ||tur|| | ||
| 040 | _cGE_BSU | ||
| 041 | _atur | ||
| 080 | _a811.513.161 H-72 | ||
| 245 |
_aYeni HITIT Ders Kitabi 2 B1 : _bYabancilar için Türkçe / _cN.Engin UZUN. |
||
| 260 | _aAnkara | ||
| 300 |
_a196p.: _b+1CD; _c30 cm. |
||
| 653 | _aთურქული ენა | ||
| 942 |
_cBK _2udc |
||